Statistics for 殘存政權

Click here to take the quiz!

General Stats

  • This quiz has been taken 38 times
  • The average score is 6 of 11

Answer Stats

繼承滅前朝殘存政權年份滅殘權% Correct
中華民國中華人民共和國中華民國(台灣)1949 -
76%
東漢(三國)魏(三國)蜀漢221 - 263(三國)魏
76%
北宋南宋1127 - 1279蒙古/元
72%
南明1644 - 1662
72%
北元1368 - 1388
62%
西周犬戎東周770 BC - 256 BC
55%
中華民國滿洲國1932 - 1945蘇聯
55%
(南朝)梁(南朝)陳(南朝)後梁555 - 587
52%
西晉(十六國)漢/前趙東晉317 - 420(南朝)宋
48%
西遼1124 -1218蒙古
41%
(五代)後漢(五代)後周(十國)北漢951 - 979
31%

Score Distribution

Percentile by Number Answered

Percent of People with Each Score

Your Score History

You have not taken this quiz